000 00524nam a22001937a 4500
003 KOHA_MİRAKIL
005 20251118092021.0
008 251118b tu ||||| |||| 00| 0 tur d
020 _a9786057639066
040 _aTR-AnABB
_btur
_cTR-AnABB
041 _atur
082 _a844.912
_bDAU 2021
100 1 _aDaumal, René,
245 1 0 _aİçki âlemi /
_cRené Daumal
260 _aİstanbul :
_bDedalus Kitap,
_c2021
300 _a129 sayfa ;
_c21 cm
650 0 4 _aFransız edebiyatı, roman
942 _2ddc
_cBK
999 _c9514
_d9514
900 _bGizem YORULMAZ